| 000 | 00614nam a2200217 a 4500 | ||
|---|---|---|---|
| 001 | 1707 | ||
| 005 | 20140414131927.0 | ||
| 008 | 001113s19uu xx 00 eng d | ||
| 020 | _a2-921171-36-8 | ||
| 050 |
_aER _bP96 |
||
| 100 | _aHoleinone, Peter | ||
| 245 |
_aPuss in boots and other tales (The story) / _ctext by Peter Holeione; illustrated by Tony Wolf. |
||
| 260 |
_aMontreal, Canada : _bTormont, _c[n.d.] |
||
| 300 | _a55 p. : ill. ; cm. | ||
| 440 | _aGreat Fairy Tale Classics | ||
| 650 | _aFairy tales. | ||
| 650 | _aChildren stories. | ||
| 999 |
_c112065 _d112065 |
||